Windows Forensics and Incident Recovery

Na minha lista:
Detalhes bibliográficos
Autor principal: Carvey, Harlan (Author)
Formato: Livro
Idioma:inglês
Publicado em: Boston : Pearson Education Limited, 2005
Tags: Adicionar Tag
Sem tags, seja o primeiro a adicionar uma tag!

MARC

LEADER 00000nam a22000003a 4500
001 stu137508
005 20150617225921.2
008 070131s2005----uk------------------eng-d
020 |a 0-321-20098-5 
040 |a STU  |b slo 
041 0 |a eng 
044 |a uk 
100 1 |a Carvey, Harlan  |4 aut 
245 1 |a Windows Forensics and Incident Recovery 
260 |a Boston :  |b Pearson Education Limited,  |c 2005 
300 |a 460 s., CD-ROM 
996 |b 284IK06677  |c I*6B5757  |l I  |s A  |a 24  |w stu137508_0001